000 01599nam a2200313 i 4500
003 EG-GICUC
005 20260121101453.0
008 251212s1961 sy ||||fr|||| 00| 0 ara d
040 _a EG-GICUC
_bara
_c EG-GICUC
_d EG-GICUC
_erda
041 0 _aara
082 0 4 _221
_a345.431
_bع ب . ا
092 0 4 _221
099 _aLaw1 07 345.431 ع ب . ا 1961
100 0 _aعبد الرحمن شريف
_eمؤلف.
245 1 0 _aاعانة غلاء المعيشة :
_bلموظفي و مستخدمي و عمال الحكومة والمؤسسات الخاصة /
_cوضع عبد الرحمن شريف.
264 1 _aدمشق :
_bدار الفكر الحديث،
_c1961.
300 _a806 ؛صفحة
_c24 سم.
336 _2rda content
_atext
337 _2rda media
_aComputer
338 _2rda carrier
_aOnline Resource
504 _aيشتمل على إرجاعات ببليوجرافية.
505 _aمشروحة بأحكام المحكمة الإدارية العليا ، ومحكمة القضاء الإدارى ، والمحاكم الإدارية ، وفتاوى مجلس الدولة والكتب الدورية الصادرة عن ديوان الموظفين ووزارة الخزانة والنشرات الشهرية وفتاوى الديوان وأحكام محاكم العمال ... عد.
546 _aالنص باللغة العربية
650 1 4 _aالمرتبات والمكافات والاجور والحوافز
650 1 4 _aالقانون الإداري
856 4 0 _uhttps://fll.law.cu.edu.eg/fulltext/bks/B08-01446.pdf
905 _a32
942 _2ddc
_cBK
_e21
_n0
999 _c49896
_d49896